[Event "Weekend A Epifania"]
[Site "Torino ITA"]
[Date "2002.01.??"]
[Round "5"]
[White "Rotundo, Raffaele"]
[Black "Mordiglia, Riccardo"]
[Result "1-0"]
[WhiteElo "1729"]
[BlackElo "2102"]
[PlyCount "93"]
[EventDate "2002.01.??"]

1. e4 e6 2. d4 c5 3. c3 b6 4. f4 Bb7 5. Bd3 Nf6 6. Qe2 Be7 7. Nf3 O-O 8. O-O
Nc6 9. e5 Nd5 10. dxc5 Bxc5+ 11. Kh1 f5 12. exf6 Nxf6 13. Nbd2 Qc7 14. Ne4 Nxe4
15. Bxe4 g6 16. Ng5 Rf6 17. Rf3 h6 18. Nh3 Ne7 19. Bxb7 Qxb7 20. Nf2 Bxf2 21.
Qxf2 Raf8 22. Be3 e5 23. f5 gxf5 24. Qg3+ Ng6 25. Rxf5 Kh7 26. Rxf6 Rxf6 27.
Kg1 Nf4 28. Bxf4 Rxf4 29. Rf1 Rxf1+ 30. Kxf1 Qe4 31. Qf2 Qb1+ 32. Qe1 Qxe1+ 33.
Kxe1 d5 34. Ke2 Kg6 35. Ke3 Kf5 36. a4 a6 37. Kf3 h5 38. b3 b5 39. a5 Kg5 40.
Kg3 e4 41. Kf2 Kf4 42. Ke2 Kg4 43. Ke3 h4 44. c4 dxc4 45. bxc4 b4 46. Kxe4 b3
47. Kd3 1-0

[Event "Weekend A Epifania"]
[Site "Torino ITA"]
[Date "2002.01.??"]
[Round "5"]
[White "Sorba, Enrico"]
[Black "Rabaglino, Lorenzo"]
[Result "1/2-1/2"]
[WhiteElo "1338"]
[BlackElo "1591"]
[PlyCount "129"]
[EventDate "2002.01.??"]

1. d4 Nf6 2. c4 e6 3. Nc3 Bb4 4. a3 Bxc3+ 5. bxc3 O-O 6. Nf3 b6 7. Qc2 h6 8. e4
Bb7 9. Bd3 d6 10. O-O Nbd7 11. h3 Qe7 12. Re1 Rfc8 13. a4 a5 14. Bd2 e5 15. d5
Nc5 16. Nh2 Rf8 17. Nf1 Bc8 18. f4 Bd7 19. Ng3 Qe8 20. f5 Bxa4 21. Qb1 Nb3 22.
Ra2 Nxd2 23. Rxd2 Bd7 24. Rf2 a4 25. Be2 Qb8 26. Nh5 Qd8 27. Nxf6+ Qxf6 28.
Ref1 Ra5 29. Bd1 Rfa8 30. Ra2 Qg5 31. Rf3 Qd8 32. Rg3 Qb8 33. Qc1 Kh7 34. h4
Qa7 35. Kh2 a3 36. h5 f6 37. Bc2 Rc5 38. Bd3 Qa4 39. Qe1 Rg8 40. Re3 Qb3 41.
Qd2 Bc8 42. Re1 Qa4 43. Rb1 Qe8 44. Qd1 Ba6 45. Rb4 Ra5 46. g4 Qa8 47. Qc1 Bb7
48. Rb3 Qe8 49. Rbxa3 Rxa3 50. Rxa3 Qd7 51. Qa1 Rb8 52. Bc2 Qc8 53. Ba4 Qd8 54.
Bb5 Ra8 55. Ba6 Bxa6 56. Rxa6 Rxa6 57. Qxa6 Qd7 58. Qb5 Qc8 59. Qa4 Kg8 60. Kg3
Kf8 61. Kf3 Ke7 62. Ke3 Qd7 63. Qb3 Kd8 64. Kd3 Kc8 65. Qb5 1/2-1/2

[Event "Weekend A Epifania"]
[Site "Torino ITA"]
[Date "2002.01.??"]
[Round "6"]
[White "Fortino, Fabrizio"]
[Black "Coqueraut, Jean Dominique"]
[Result "0-1"]
[WhiteElo "1597"]
[BlackElo "1786"]
[PlyCount "82"]
[EventDate "2002.01.??"]

1. e4 d6 2. d4 Nf6 3. Nc3 g6 4. Nf3 Bg7 5. Bd3 O-O 6. h3 c6 7. Be3 b5 8. O-O
Re8 9. Qd2 e5 10. d5 b4 11. Ne2 cxd5 12. exd5 e4 13. Bb5 exf3 14. Bxe8 fxe2 15.
Rfe1 Qxe8 16. Rxe2 Ba6 17. Ree1 Qb5 18. Rad1 Nbd7 19. Bf4 Qb6 20. Qd4 Qxd4 21.
Rxd4 Nh5 22. Rxb4 Nxf4 23. Rxf4 Bxb2 24. Re7 Ne5 25. Ra4 Kf8 26. Rxe5 Bxe5 27.
Rxa6 Ke7 28. g3 Kd7 29. f4 Bd4+ 30. Kf1 Re8 31. Ra3 Re3 32. Rb3 Rxb3 33. axb3
Kc7 34. Ke2 Kb6 35. Kd3 Bf2 36. g4 Kc5 37. Ke4 Kb4 38. f5 Kc3 39. fxg6 fxg6 40.
Kf4 Bh4 41. g5 Kxc2 0-1

[Event "Weekend A Epifania"]
[Site "Torino ITA"]
[Date "2002.01.??"]
[Round "6"]
[White "Nardelli, Marco"]
[Black "Martin, Tiziano"]
[Result "1-0"]
[WhiteElo "1740"]
[BlackElo "1849"]
[PlyCount "59"]
[EventDate "2002.01.??"]

1. e4 d5 2. exd5 Qxd5 3. Nc3 Qd8 4. g3 Nf6 5. Bg2 c6 6. d4 Bf5 7. Nf3 e6 8. Nh4
Bg6 9. Bg5 Nbd7 10. Qd2 Be7 11. O-O O-O 12. Rac1 Nb6 13. Nxg6 hxg6 14. Ne2 Nfd5
15. Bxe7 Nxe7 16. Rcd1 Qc7 17. c3 Rfd8 18. Qc2 Nbd5 19. Nc1 Nf6 20. Nd3 Nf5 21.
Rfe1 Rd6 22. Ne5 Nh6 23. h3 Nf5 24. Rd2 Rdd8 25. Rde2 Rab8 26. Qc1 c5 27. dxc5
Qxc5 28. Qg5 Rd6 29. g4 Ne7 30. Nxf7 1-0

[Event "Weekend A Epifania"]
[Site "Torino ITA"]
[Date "2002.01.??"]
[Round "6"]
[White "Pepino, Enrico"]
[Black "De Santis, Alessio"]
[Result "1/2-1/2"]
[WhiteElo "2080"]
[BlackElo "2274"]
[PlyCount "42"]
[EventDate "2002.01.??"]

1. e4 c5 2. Nf3 e6 3. d4 cxd4 4. Nxd4 a6 5. g3 h5 6. Bg2 h4 7. O-O Qc7 8. Nc3
Nc6 9. Re1 hxg3 10. hxg3 Nf6 11. Nd5 exd5 12. exd5+ Ne7 13. d6 Qxd6 14. Bf4 Qb6
15. Nf5 d5 16. Nd6+ Kd7 17. Nxf7 Rh7 18. c4 Ke8 19. Nd6+ Kd8 20. Nf7+ Ke8 21.
Nd6+ Kd8 1/2-1/2

[Event "Weekend A Epifania"]
[Site "Torino ITA"]
[Date "2002.01.??"]
[Round "6"]
[White "Xausa, Flavio"]
[Black "Fuggetta, Leonardo"]
[Result "1/2-1/2"]
[WhiteElo "1819"]
[BlackElo "2050"]
[PlyCount "51"]
[EventDate "2002.01.??"]

1. e4 c5 2. Nf3 d6 3. d4 cxd4 4. Nxd4 Nf6 5. Nc3 a6 6. g3 b5 7. Bg2 Bb7 8. O-O
e6 9. a3 Be7 10. Be3 Qc7 11. Qe2 O-O 12. g4 d5 13. exd5 exd5 14. h3 Re8 15. Qd3
Nbd7 16. Nf5 Bc5 17. Bxc5 Nxc5 18. Qg3 Qxg3 19. Nxg3 Rad8 20. Rad1 d4 21. Bxb7
dxc3 22. Bc6 Rxd1 23. Rxd1 Rc8 24. bxc3 Kf8 25. Bf3 g6 26. Kf1 1/2-1/2

[Event "II Festival A"]
[Site "Savigliano ITA"]
[Date "2002.05.??"]
[Round "?"]
[White "Geuna, Giuseppe"]
[Black "Vezzosi, Paolo"]
[Result "1-0"]
[WhiteElo "1775"]
[BlackElo "2398"]
[PlyCount "105"]
[EventDate "2002.05.24"]

1. d4 Nf6 2. Nf3 b6 3. Bf4 Bb7 4. e3 g6 5. Be2 Bg7 6. O-O c5 7. c3 O-O 8. Nbd2
d6 9. e4 Nbd7 10. Qb3 Rb8 11. Bc4 h6 12. h3 Qc7 13. d5 Ne8 14. a4 Kh7 15. Bd3
Ne5 16. Nxe5 Bxe5 17. Bxe5 dxe5 18. c4 Bc8 19. Qc3 Ng7 20. Nf3 f6 21. Rfb1 a5
22. Re1 Bd7 23. b3 Nh5 24. Rad1 Rbd8 25. Kh2 g5 26. g4 Nf4 27. Ng1 h5 28. f3
hxg4 29. hxg4 Rh8 30. Bf1 Kg7+ 31. Kg3 Rh4 32. Ne2 Ng6 33. Bg2 Rdh8 34. Rh1 Qb8
35. Rxh4 Rxh4 36. Qc1 Qh8 37. Rh1 Kf7 38. Kf2 Nf4 39. Nxf4 exf4 40. Qe1 e6 41.
dxe6+ Bxe6 42. Ke2 Ke7 43. Rxh4 gxh4 44. Bh3 Qh6 45. Qd2 Qg5 46. Kf2 Qe5 47.
Kg2 Qa1 48. Kh2 Qb1 49. g5 Bxh3 50. gxf6+ Kxf6 51. Kxh3 Qh1+ 52. Kg4 h3 53.
Qxf4+ 1-0

[Event "II Festival A"]
[Site "Savigliano ITA"]
[Date "2002.05.??"]
[Round "?"]
[White "Godena, Michele"]
[Black "Trumpf, Walter"]
[Result "1-0"]
[WhiteElo "2481"]
[BlackElo "2105"]
[PlyCount "42"]
[EventDate "2002.05.24"]

1. e4 g6 2. d4 Bg7 3. Nf3 d6 4. c3 Nf6 5. Bd3 Bg4 6. Nbd2 O-O 7. h3 Bxf3 8.
Nxf3 Nbd7 9. O-O c5 10. Re1 a6 11. e5 Ne8 12. e6 fxe6 13. Ng5 Nc7 14. Bc4 cxd4
15. Bxe6+ Nxe6 16. Nxe6 Qb6 17. Nxg7 Kxg7 18. Rxe7+ Rf7 19. Bh6+ Kg8 20. Rxf7
Kxf7 21. Qf3+ Nf6 1-0

[Event "II Festival A"]
[Site "Savigliano ITA"]
[Date "2002.05.??"]
[Round "?"]
[White "Naumkin, Igor"]
[Black "Lalic, Bogdan"]
[Result "1-0"]
[WhiteElo "2433"]
[BlackElo "2537"]
[PlyCount "67"]
[EventDate "2002.05.24"]

1. d4 d5 2. c4 dxc4 3. Nf3 Nf6 4. e3 e6 5. Bxc4 c5 6. O-O a6 7. a4 Nc6 8. Qe2
Be7 9. Rd1 Qc7 10. Nc3 O-O 11. h3 b6 12. d5 exd5 13. Bxd5 Bb7 14. e4 Rad8 15.
Bg5 Nb4 16. Bxb7 Qxb7 17. e5 Nfd5 18. Qe4 f6 19. exf6 Bxf6 20. Bxf6 Rxf6 21. a5
b5 22. Ng5 g6 23. Ne6 Re8 24. Nxd5 Nxd5 25. Nxc5 Rxe4 26. Nxb7 Nf4 27. Rd8+ Kg7
28. Nd6 Ne2+ 29. Kh1 Re7 30. Ne8+ Rxe8 31. Rxe8 Rxf2 32. Re7+ Kh6 33. Ra7 Rf6
34. Re1 1-0

[Event "Open A"]
[Site "Castelpasserino - Rivoli ITA"]
[Date "2002.06.??"]
[Round "1"]
[White "Cavezzana, Davide"]
[Black "Mariotti, Sergio"]
[Result "0-1"]
[WhiteElo "1467"]
[BlackElo "2356"]
[PlyCount "76"]
[EventDate "2002.06.14"]

1. e4 c5 2. c3 d5 3. exd5 Qxd5 4. d4 e6 5. Nf3 Nf6 6. Be2 Be7 7. O-O O-O 8. Bg5
cxd4 9. Qxd4 Qxd4 10. Nxd4 h6 11. Bh4 g5 12. Bg3 Ne4 13. Bf3 Nxg3 14. fxg3 Nd7
15. Nd2 Ne5 16. Be2 Bd7 17. N2f3 Nxf3+ 18. gxf3 Bc5 19. Kg2 Bxd4 20. Rad1 Bxc3
21. Rxd7 Bxb2 22. Rb1 Ba3 23. Rbxb7 Bc5 24. Bc4 Rae8 25. Bb3 Kg7 26. Kh3 Kf6
27. Kg4 Rd8 28. f4 Rxd7 29. Rxd7 gxf4 30. Kxf4 Rb8 31. Ke4 Rb4+ 32. Kf3 Bb6 33.
Rd3 Rb5 34. g4 Rb4 35. h3 Kg5 36. Kg2 a5 37. Rf3 a4 38. Bc2 Rb2 0-1

[Event "Open A"]
[Site "Castelpasserino - Rivoli ITA"]
[Date "2002.06.??"]
[Round "3"]
[White "Castaldo, Folco"]
[Black "Fuggetta, Leonardo"]
[Result "1-0"]
[WhiteElo "2299"]
[BlackElo "2050"]
[PlyCount "117"]
[EventDate "2002.06.14"]

1. Nf3 d6 2. d4 Nf6 3. c4 g6 4. g3 Bg7 5. Bg2 O-O 6. O-O Nbd7 7. b3 c6 8. Bb2
Re8 9. Nc3 e5 10. e4 exd4 11. Nxd4 Nc5 12. Qc2 a5 13. Rad1 Qc7 14. Rfe1 Bg4 15.
f3 Bd7 16. Qf2 Rad8 17. Nc2 b6 18. Ne3 h5 19. Nb5 Nfxe4 20. fxe4 cxb5 21. Nd5
Qb8 22. Nf6+ Kf8 23. Nxe8 Rxe8 24. Bxg7+ Kxg7 25. Qd4+ Kg8 26. Qxd6 bxc4 27.
Qxb8 Rxb8 28. bxc4 Be6 29. Bf1 Kg7 30. Rd6 Kf6 31. Rb1 Nd7 32. Rb5 Rc8 33. Kf2
Ke7 34. Rd4 f6 35. Be2 Rc6 36. Rb2 Ne5 37. Rc2 Rc5 38. Rb2 Rc6 39. a3 Nxc4 40.
Bxc4 Bxc4 41. Rc2 Bb5 42. Rxc6 Bxc6 43. Ke3 Ke6 44. Rd8 Bd7 45. Kd4 Ke7 46. Rb8
b5 47. Kc5 Ke6 48. Rg8 Kf7 49. Ra8 b4 50. Kd6 Bg4 51. axb4 axb4 52. Ra7+ Kf8
53. Rb7 g5 54. Rxb4 Kf7 55. e5 fxe5 56. Rxg4 hxg4 57. Kxe5 Kg6 58. Ke6 Kh6 59.
Kf6 1-0

[Event "Open A"]
[Site "Castelpasserino - Rivoli ITA"]
[Date "2002.06.??"]
[Round "5"]
[White "Vinciguerra, Marco"]
[Black "Mariotti, Sergio"]
[Result "0-1"]
[WhiteElo "1795"]
[BlackElo "2356"]
[PlyCount "122"]
[EventDate "2002.06.14"]

1. e4 c5 2. Nf3 d6 3. d4 cxd4 4. Nxd4 Nf6 5. Nc3 a6 6. Bg5 e6 7. f4 b5 8. e5
dxe5 9. fxe5 Qc7 10. Qe2 Nfd7 11. O-O-O Bb7 12. h4 Qb6 13. Rh3 h6 14. Bf4 Nc5
15. Re3 b4 16. Ne4 Nxe4 17. Rxe4 Bxe4 18. Qxe4 Ra7 19. Bd3 Rd7 20. Nf3 Bc5 21.
g4 Nc6 22. Nd2 Ne7 23. Qf3 Nd5 24. Nc4 Qd8 25. Bg3 g5 26. Rh1 Rg8 27. Qe4 gxh4
28. Bxh4 Be7 29. Qh7 Bg5+ 30. Kb1 Kf8 31. Bf2 Qc7 32. Rf1 Nf4 33. Bb6 Qc6 34.
Ba5 Qc5 35. Qe4 Nxd3 36. cxd3 Kg7 37. Bb6 Qd5 38. Qxd5 Rxd5 39. Kc2 Rc8 40. b3
Kg6 41. d4 Rb5 42. Bc5 Rcxc5 43. dxc5 Rxc5 44. Kd3 Be7 45. Nd6 Bxd6 46. exd6
Rd5+ 47. Kc4 Rxd6 48. Kxb4 Rd4+ 49. Ka5 Rxg4 50. Kxa6 e5 51. a4 Rb4 52. Re1
Rxb3 53. Rxe5 f5 54. Rb5 Ra3 55. a5 h5 56. Kb7 h4 57. a6 h3 58. Rb2 Kg5 59. a7
f4 60. a8=Q Rxa8 61. Kxa8 Kg4 0-1

[Event "Open A"]
[Site "Castelpasserino - Rivoli ITA"]
[Date "2002.06.??"]
[Round "6"]
[White "Mariotti, Sergio"]
[Black "Castaldo, Folco"]
[Result "1/2-1/2"]
[WhiteElo "2356"]
[BlackElo "2299"]
[PlyCount "79"]
[EventDate "2002.06.14"]

1. e4 e6 2. d4 d5 3. Nd2 dxe4 4. Nxe4 Nd7 5. Nf3 Ngf6 6. Nxf6+ Nxf6 7. Ne5 Nd7
8. Bd3 Nxe5 9. dxe5 Qd5 10. Qe2 Bd7 11. f3 Bc5 12. c3 a5 13. Bf4 Qc6 14. Be4
Qa6 15. Qxa6 Rxa6 16. O-O-O Bc6 17. Bxc6+ Rxc6 18. Rd3 Ra6 19. Rhd1 Ra8 20. Bg5
O-O 21. Rd7 Rac8 22. Be7 Bxe7 23. Rxe7 Rfe8 24. Red7 Kf8 25. Kc2 Re7 26. R7d4
f6 27. Rh4 Kg8 28. Rh5 f5 29. Rh4 g5 30. Rh5 Rg7 31. Rh6 Re8 32. Kb3 Rf7 33.
Rh5 Rg7 34. Ka4 f4 35. Kxa5 Rf8 36. Rh6 Re7 37. Rf6 Ra8+ 38. Kb4 Rxa2 39. Rd2
Kg7 40. g3 1/2-1/2

[Event "LXII C.to Italiano spareggi rapid"]
[Site "Montecatini Terme ITA"]
[Date "2002.12.01"]
[Round "1"]
[White "Collutiis, Duilio"]
[Black "Belotti, Bruno"]
[Result "1/2-1/2"]
[WhiteElo "2332"]
[BlackElo "2419"]
[PlyCount "142"]
[EventDate "2002.12.01"]

1. e4 c5 2. Nf3 d6 3. d4 cxd4 4. Nxd4 Nf6 5. f3 e6 6. c4 Be7 7. Nc3 b6 8. Be3
O-O 9. Qd2 Bb7 10. Be2 a6 11. O-O Nbd7 12. Rfc1 Qc7 13. Rab1 Rac8 14. Bf1 Qb8
15. Qf2 Rfe8 16. b4 Bd8 17. Kh1 Ne5 18. Na4 d5 19. cxd5 Rxc1 20. Bxc1 exd5 21.
exd5 Nxd5 22. Bd2 Bc7 23. Nc3 b5 24. Ne4 Nb6 25. h3 Nxf3 26. Nf6+ gxf6 27. Nxf3
Be4 28. Rc1 Bg3 29. Qd4 Qd6 30. Bc3 Qxd4 31. Bxd4 Nd5 32. a3 f5 33. Ra1 Rc8 34.
Bc5 Nc3 35. Rc1 Na4 36. Be3 Rxc1 37. Bxc1 f6 38. Nd4 Kf7 39. Be2 Be5 40. Nf3
Nc3 41. Nxe5+ fxe5 42. Bh5+ Ke6 43. Kg1 f4 44. Kf2 Bd3 45. Bg4+ Bf5 46. Bh5
Ne4+ 47. Ke1 Nd6 48. Bd1 Be4 49. Kf2 Bd5 50. Bg4+ Kf6 51. Bb2 Nc4 52. Bc1 Bb7
53. g3 Kg5 54. Be2 Be4 55. a4 Kf5 56. gxf4 exf4 57. axb5 axb5 58. Bg4+ Ke5 59.
Bd7 Nd6 60. Bb2+ Kd5 61. Bc1 Bf5 62. Bxf5 Nxf5 63. Bxf4 Kc4 64. Bd2 Nd4 65. Kg3
Nc6 66. Kf4 Nxb4 67. Ke5 Na2 68. Ba5 Nb4 69. Kf6 Nd5+ 70. Kg5 b4 71. Bxb4 Kxb4
1/2-1/2

[Event "LXII C.to Italiano spareggi rapid"]
[Site "Montecatini Terme ITA"]
[Date "2002.12.01"]
[Round "2"]
[White "Belotti, Bruno"]
[Black "Collutiis, Duilio"]
[Result "1/2-1/2"]
[WhiteElo "2419"]
[BlackElo "2332"]
[PlyCount "95"]
[EventDate "2002.12.01"]

1. c4 e5 2. Nc3 Nc6 3. g3 g6 4. Bg2 Bg7 5. d3 d6 6. e4 f5 7. Nge2 Nf6 8. O-O
O-O 9. Nd5 Ne7 10. Nxf6+ Bxf6 11. d4 fxe4 12. Bxe4 Bh3 13. Re1 c6 14. Bh6 Rf7
15. Qd2 Qd7 16. dxe5 Bxe5 17. Nd4 Nf5 18. Nxf5 Bxf5 19. Rad1 Bxe4 20. Rxe4 Qf5
21. Qe2 Bg7 22. Bxg7 Kxg7 23. Rxd6 Raf8 24. Rf4 Qc5 25. Rxf7+ Rxf7 26. Re6 b5
27. cxb5 cxb5 28. Qe5+ Qxe5 29. Rxe5 Rb7 30. b4 Kf6 31. Rc5 h5 32. h4 Rb6 33.
Kg2 Ra6 34. Rxb5 Rxa2 35. Kf3 Rb2 36. Ke3 a6 37. Rb8 Kf5 38. Rf8+ Ke5 39. Re8+
Kf5 40. Rf8+ Ke5 41. Rf4 a5 42. bxa5 Rb3+ 43. Ke2 Ra3 44. Rb4 Rxa5 45. Rb6 Kf5
46. f3 Ra2+ 47. Ke3 Ra3+ 48. Kf2 1/2-1/2

[Event "LXII C.to Italiano spareggi rapid"]
[Site "Montecatini Terme ITA"]
[Date "2002.12.01"]
[Round "3"]
[White "Collutiis, Duilio"]
[Black "Belotti, Bruno"]
[Result "0-1"]
[WhiteElo "2332"]
[BlackElo "2419"]
[PlyCount "77"]
[EventDate "2002.12.01"]

1. Nf3 Nf6 2. g3 d5 3. Bg2 e6 4. O-O Be7 5. c4 O-O 6. b3 b6 7. Bb2 Bb7 8. d3 c5
9. Nbd2 d4 10. b4 Nbd7 11. bxc5 bxc5 12. Nb3 Qc7 13. e3 dxe3 14. fxe3 Ng4 15.
Qe2 Bf6 16. Bxf6 Ngxf6 17. Rab1 Rab8 18. Rfd1 Ne5 19. Nxe5 Bxg2 20. Kxg2 Qxe5
21. Rb2 Rb4 22. Kg1 h5 23. Rc2 Ng4 24. Re1 Rc8 25. Qf3 Qc7 26. Rec1 Qe5 27. Re2
Qd6 28. d4 cxd4 29. c5 Qd8 30. exd4 a5 31. d5 exd5 32. Rd2 Nf6 33. Nd4 Rc4 34.
Rxc4 dxc4 35. c6 Qb6 36. Kg2 Qc5 37. Nf5 Kh7 38. Rd6 Qe5 39. h3 0-1

[Event "LXII C.to Italiano spareggi rapid"]
[Site "Montecatini Terme ITA"]
[Date "2002.12.01"]
[Round "4"]
[White "Belotti, Bruno"]
[Black "Collutiis, Duilio"]
[Result "0-1"]
[WhiteElo "2419"]
[BlackElo "2332"]
[PlyCount "120"]
[EventDate "2002.12.01"]

1. c4 c5 2. g3 Nc6 3. Bg2 Nf6 4. Nc3 e6 5. Nf3 Be7 6. O-O O-O 7. d4 cxd4 8.
Nxd4 a6 9. b3 Qc7 10. Bb2 Rb8 11. Rc1 Ne5 12. Qd2 d6 13. f4 Ned7 14. Kh1 Re8
15. f5 Ne5 16. fxe6 fxe6 17. Ne4 Nxe4 18. Bxe4 Bd7 19. Qc2 h6 20. Nf3 Ng4 21.
Qd2 Rf8 22. Bb1 e5 23. Qd3 Nf6 24. Nh4 Bc6+ 25. Ng2 Ne4 26. Kg1 Bg5 27. e3 Qd7
28. b4 b6 29. b5 Ba8 30. Bxe5 Qh3 31. Nf4 Bxf4 32. Bxf4 Ng5 33. Qe2 Qc8 34.
Bxg5 Qb7 35. e4 hxg5 36. Rxf8+ Rxf8 37. Rf1 Rxf1+ 38. Qxf1 axb5 39. cxb5 Qc7
40. Bd3 d5 41. exd5 Qc5+ 42. Qf2 Qxd5 43. Qe2 Qh1+ 44. Kf2 Qxh2+ 45. Ke1 Qxg3+
46. Kd2 Qg2 47. Qxg2 Bxg2 48. a4 Kf7 49. Ke3 Ke6 50. Bc4+ Bd5 51. Be2 Bb3 52.
Kd4 Bxa4 53. Bg4+ Kd6 54. Be2 Bc2 55. Bg4 g6 56. Bf3 Bf5 57. Bg2 Bd7 58. Kc4 g4
59. Be4 g3 60. Bg2 Ke5 0-1

[Event "LXII C.to Italiano spareggi rapid"]
[Site "Montecatini Terme ITA"]
[Date "2002.12.01"]
[Round "5"]
[White "Collutiis, Duilio"]
[Black "Belotti, Bruno"]
[Result "1/2-1/2"]
[WhiteElo "2332"]
[BlackElo "2419"]
[PlyCount "60"]
[EventDate "2002.12.01"]

1. e4 e5 2. Nf3 Nc6 3. Bb5 Nf6 4. O-O Nxe4 5. d4 Nd6 6. Bxc6 dxc6 7. dxe5 Nf5
8. Qxd8+ Kxd8 9. Nc3 Ke8 10. h3 Ne7 11. Rd1 Nf5 12. g4 Ne7 13. Kg2 h5 14. Kg3
hxg4 15. hxg4 Be6 16. Nd4 Nd5 17. Ne4 Be7 18. Bg5 Rd8 19. Nxe6 fxe6 20. a3 Rf8
21. c4 Nb6 22. Rxd8+ Kxd8 23. Rd1+ Ke8 24. b3 a5 25. a4 Nd7 26. Bxe7 Kxe7 27.
f4 Rh8 28. Re1 Rb8 29. Rc1 Rh8 30. Re1 Rb8 1/2-1/2

[Event "II Memorial Don Pietro Carrera A"]
[Site "Catania ITA"]
[Date "2002.08.10"]
[Round "8"]
[White "Alaimo, Riccardo"]
[Black "Sardo, Gabriele"]
[Result "1/2-1/2"]
[WhiteElo "2158"]
[BlackElo "2194"]
[PlyCount "103"]
[EventDate "2002.08.04"]

1. e4 c5 2. Nf3 Nc6 3. d4 cxd4 4. Nxd4 g6 5. c4 Bg7 6. Be3 Nf6 7. Nc3 Ng4 8.
Qxg4 Nxd4 9. Qd1 Ne6 10. Rc1 Qa5 11. Be2 b6 12. O-O Bb7 13. f3 d6 14. Rf2 g5
15. Bf1 h5 16. Nd5 h4 17. b4 Qa3 18. Rb1 Bxd5 19. Bc1 Qc3 20. cxd5 Nd4 21. Bb2
Qe3 22. Bc1 Qc3 23. Qa4+ b5 24. Bxb5+ Nxb5 25. Qxb5+ Kf8 26. Bd2 Qc7 27. Be3 a6
28. Qc6 Qb8 29. Rc2 Bf6 30. a4 Kg7 31. b5 axb5 32. axb5 h3 33. g3 Ra3 34. Kf2
Rxe3 35. Kxe3 Qa7+ 36. Ke2 g4 37. fxg4 Qa3 38. Qc4 Rc8 39. Qd3 Rxc2+ 40. Qxc2
Bd4 41. Qd2 Qa7 42. Rc1 f6 43. g5 Bg1 44. gxf6+ exf6 45. Kf1 Be3 46. Qc3 Bxc1
47. Qxc1 Qa2 48. Qf4 Qg2+ 49. Ke1 Qxh2 50. Qg4+ Kh6 51. Qh4+ Kg7 52. Qg4+
1/2-1/2

[Event "II Memorial Don Pietro Carrera A"]
[Site "Catania ITA"]
[Date "2002.08.11"]
[Round "9"]
[White "Solinas, Carlo"]
[Black "Alaimo, Riccardo"]
[Result "1/2-1/2"]
[WhiteElo "2083"]
[BlackElo "2158"]
[PlyCount "114"]
[EventDate "2002.08.04"]

1. e4 c5 2. d4 cxd4 3. c3 Nf6 4. e5 Nd5 5. cxd4 d6 6. Nf3 Nc6 7. Bc4 Nb6 8. Bb5
d5 9. Nc3 Bg4 10. h3 Bxf3 11. Qxf3 e6 12. O-O f6 13. Ne2 Qe7 14. exf6 Qxf6 15.
Qc3 Rc8 16. Nf4 Be7 17. Qe3 O-O 18. Qxe6+ Kh8 19. Bxc6 Rxc6 20. Qxf6 Bxf6 21.
Be3 Bxd4 22. Nxd5 Bxb2 23. Rad1 Nxd5 24. Rxd5 Rc7 25. Bxa7 Ra8 26. Rfd1 Bf6 27.
Bb6 Rc6 28. Bd4 Rxa2 29. Bxf6 gxf6 30. Rd8+ Kg7 31. R8d7+ Kg6 32. Rxb7 Rcc2 33.
Rf1 h6 34. g3 Rd2 35. Kg2 Rdc2 36. Rb3 Rd2 37. Rf3 Rdc2 38. Rd1 Rd2 39. Rxd2
Rxd2 40. Rb3 Rc2 41. Rb5 Rc3 42. g4 Ra3 43. h4 Ra7 44. f3 Rc7 45. Kg3 Ra7 46.
h5+ Kg7 47. Kf4 Rc7 48. Kf5 Kf7 49. f4 Ra7 50. Rb4 Ra5+ 51. Ke4 Ra7 52. Rb5
Ra4+ 53. Kf5 Ra7 54. g5 fxg5 55. fxg5 hxg5 56. Kxg5 Kg7 57. Rf5 Rc7 1/2-1/2

[Event "C.to Europeo U16 femminile"]
[Site "Peniscola ESP"]
[Date "2002.09.29"]
[Round "1"]
[White "Tomilova, Elena"]
[Black "Clappa, Ilaria"]
[Result "1-0"]
[WhiteElo "2253"]
[BlackElo "1561"]
[PlyCount "53"]
[EventDate "2002.09.29"]

1. e4 e6 2. d4 d5 3. Nc3 Bb4 4. e5 c5 5. a3 Bxc3+ 6. bxc3 Ne7 7. Qg4 Qc7 8. Bd3
cxd4 9. Ne2 Ng6 10. cxd4 Bd7 11. Bd2 Nc6 12. h4 Nge7 13. Rb1 h5 14. Qf4 b6 15.
Nc3 a6 16. Na4 Rb8 17. Rh3 Ng6 18. Bxg6 fxg6 19. Rf3 Nxe5 20. dxe5 Bxa4 21.
Qxa4+ b5 22. Qf4 a5 23. Rc3 Qe7 24. Qg5 Qf7 25. Rf3 Qc7 26. Qxg6+ Kd8 27. Qxe6
1-0

[Event "C.to Europeo U16 femminile"]
[Site "Peniscola ESP"]
[Date "2002.10.01"]
[Round "3"]
[White "Vasiliev, Olga"]
[Black "Clappa, Ilaria"]
[Result "1-0"]
[WhiteElo "2153"]
[BlackElo "1561"]
[PlyCount "113"]
[EventDate "2002.09.29"]

1. e4 e6 2. d4 d5 3. e5 c5 4. c3 Qb6 5. Nf3 Bd7 6. a3 Nc6 7. Be2 f6 8. b4 cxd4
9. cxd4 Qc7 10. Bf4 fxe5 11. Nxe5 Bd6 12. Nxd7 Qxd7 13. Bxd6 Qxd6 14. Nc3 a6
15. Na4 Nf6 16. Nc5 Rb8 17. O-O O-O 18. Bg4 Nd8 19. Re1 Nxg4 20. Qxg4 Qf4 21.
Qg3 Qxg3 22. hxg3 Re8 23. Re3 Kf7 24. Rae1 Rc8 25. Kf1 Rc7 26. Ke2 Nc6 27. Kd3
Rce7 28. f4 h6 29. Kc3 Kf6 30. Rf1 Kf7 31. g4 g6 32. Rh1 Kg7 33. Reh3 Rh8 34.
g5 h5 35. g4 h4 36. Rxh4 Rxh4 37. Rxh4 Nd8 38. Rh1 Rf7 39. Rf1 Kg8 40. Rf3 Kg7
41. a4 Kg8 42. Kb3 Kg7 43. b5 axb5 44. axb5 b6 45. Nd3 Nb7 46. Ne5 Rc7 47. f5
exf5 48. gxf5 gxf5 49. Rxf5 Nd6 50. Rf4 Nxb5 51. Kb4 Nd6 52. Rf6 Ne4 53. Rxb6
Kf8 54. g6 Ng5 55. Rd6 Rb7+ 56. Ka3 Rg7 57. Rxd5 1-0

[Event "C.to Europeo U14 femminile"]
[Site "Peniscola ESP"]
[Date "2002.09.29"]
[Round "1"]
[White "Foisor, Sabina-Francesca"]
[Black "Panella, Fiammetta"]
[Result "1-0"]
[WhiteElo "2038"]
[BlackElo "1693"]
[PlyCount "61"]
[EventDate "2002.09.29"]

1. d4 d5 2. c4 e6 3. Nc3 Nf6 4. Bg5 Nbd7 5. e3 Be7 6. Nf3 O-O 7. Rc1 a6 8. a3
dxc4 9. Bxc4 c5 10. O-O b5 11. Ba2 cxd4 12. Nxd4 Qb6 13. Qe2 h6 14. Bh4 Ne5 15.
Rfd1 Ng6 16. Bg3 e5 17. Nf3 Bg4 18. Nd5 Nxd5 19. Bxd5 Rac8 20. b4 a5 21. Qd2
axb4 22. axb4 Bf6 23. Qa2 Ne7 24. Rxc8 Nxc8 25. Rc1 Bxf3 26. Bxf7+ Kh7 27. gxf3
Qd6 28. Rc5 Qd1+ 29. Kg2 Qd7 30. Be6 Qb7 31. Qc2+ 1-0

[Event "C.to Europeo U14"]
[Site "Peniscola ESP"]
[Date "2002.09.30"]
[Round "2"]
[White "Vocaturo, Daniele"]
[Black "Lanin, Alexsej"]
[Result "0-1"]
[WhiteElo "2101"]
[BlackElo "2232"]
[PlyCount "84"]
[EventDate "2002.09.29"]

1. e4 c5 2. Nf3 d6 3. d4 cxd4 4. Nxd4 Nf6 5. Nc3 a6 6. Bg5 e6 7. f4 Nbd7 8. Qf3
Be7 9. O-O-O Qc7 10. g4 h6 11. Bh4 g5 12. fxg5 Ne5 13. Qe2 Nfxg4 14. h3 hxg5
15. Bg3 Nf6 16. Bg2 Nh5 17. Bh2 Nf4 18. Bxf4 gxf4 19. Nf3 Bf6 20. Qd2 Nc4 21.
Qxf4 Bxc3 22. bxc3 Qb6 23. Rd4 Qb2+ 24. Kd1 Qb1+ 25. Ke2 Qxc2+ 26. Nd2 Rg8 27.
Qf2 Nxd2 28. Rxd2 Qxc3 29. Rxd6 Qc4+ 30. Rd3 Qxa2+ 31. Rd2 Qc4+ 32. Ke1 Bd7 33.
Rf1 Qc1+ 34. Rd1 Qc3+ 35. Rd2 O-O-O 36. Qf3 Qxf3 37. Rxf3 Bc6 38. Rc2 f5 39.
Rff2 Kb8 40. exf5 Bxg2 41. Rxg2 Rxg2 42. Rxg2 exf5 0-1

[Event "C.to Europeo U14"]
[Site "Peniscola ESP"]
[Date "2002.10.02"]
[Round "4"]
[White "Grekh, Andrey"]
[Black "Vocaturo, Daniele"]
[Result "1-0"]
[WhiteElo "2243"]
[BlackElo "2101"]
[PlyCount "59"]
[EventDate "2002.09.29"]

1. e4 c5 2. c3 Nf6 3. e5 Nd5 4. d4 cxd4 5. Nf3 d6 6. cxd4 e6 7. Nc3 Nxc3 8.
bxc3 Qc7 9. Bd2 b6 10. Bd3 Nd7 11. O-O dxe5 12. Nxe5 Nxe5 13. dxe5 Bb7 14. Bb5+
Bc6 15. Qf3 Rc8 16. Bxc6+ Qxc6 17. Qg3 g6 18. Rad1 Bg7 19. Bg5 O-O 20. Rd3 Qc5
21. Bf6 Bxf6 22. exf6 Rfd8 23. Rfd1 Rxd3 24. Rxd3 Qf5 25. Qc7 Rf8 26. Qd8 Qc5
27. Qe7 Qb5 28. Rd1 a5 29. h3 h6 30. Rd8 1-0

[Event "C.to Europeo U14"]
[Site "Peniscola ESP"]
[Date "2002.10.03"]
[Round "5"]
[White "Vocaturo, Daniele"]
[Black "Braun, Arik"]
[Result "0-1"]
[WhiteElo "2101"]
[BlackElo "2317"]
[PlyCount "48"]
[EventDate "2002.09.29"]

1. e4 e6 2. d4 d5 3. Nc3 Nf6 4. e5 Nfd7 5. f4 c5 6. Nf3 Nc6 7. Be3 a6 8. Qd2 b5
9. O-O-O b4 10. Ne2 Qa5 11. Kb1 Nb6 12. Nc1 c4 13. b3 Na7 14. g4 Nb5 15. Ne2
Nc3+ 16. Nxc3 bxc3 17. Qf2 Ba3 18. Ng1 Rb8 19. Ne2 Bb2 20. Bc1 cxb3 21. cxb3
c2+ 22. Kxc2 Qxa2 23. Bxb2 Nc4 24. Rd2 Qxb2+ 0-1